Every MLB Stadium (2025) - Statistics

General Stats
  • This quiz has been taken 70 times
  • The average score is 18 of 30
Answer Stats
Team Region Answer % Correct
Boston Red Sox East Fenway Park
94%
Chicago Cubs Central Wrigley Field
78%
Los Angeles Dodgers West Dodger Stadium
76%
Kansas City Royals Central Kauffman Stadium
76%
New York Yankees East Yankee Stadium
76%
Detroit Tigers Central Comerica Park
72%
New York Mets East Citi Field
70%
Los Angeles Angels West Angel Stadium
69%
San Diego Padres West Petco Park
69%
Texas Rangers West Globe Life Field
65%
Pittsburgh Pirates West PNC Park
65%
Colorado Rockies West Coors Field
63%
St. Louis Cardinals Central Busch Stadium
61%
Chicago White Sox Central Guaranteed Rate Field
61%
Minnesota Twins Central Target Field
61%
Arizona Diamondbacks West Chase Field
57%
San Francisco Giants West Oracle Park
57%
Toronto Blue Jays East Rogers Centre
57%
Seattle Mariners West T-Mobile Park
57%
Cleveland Guardians Central Progressive Field
54%
Cincinnati Reds Central Great American Ball Park
52%
Milwaukee Brewers Central American Family Field
50%
Philadelphia Phillies East Citizens Bank Park
48%
Washington Nationals East Nationals Park
48%
Tampa Bays Rays East Tropicana Field
48%
Houston Astros West Daikin Park
44%
Atlanta Braves East Truist Park
43%
Miami Marlins East LoanDepot Park
41%
Baltimore Orioles East Oriole park at Camden Yards
37%
Oakland Athletics West Oakland-Alameda County Coliseum
4%
No matching quizzes found
Score Distribution
Percent of People with Each Score
Percentile by Number Answered
Your Score History
You have not taken this quiz